[Event "Gatwick e2e4 Major op"]
[Site "Gatwick"]
[Date "2013.10.27"]
[Round "3"]
[White "Stone, Mark R"]
[Black "Borland, Thomas C"]
[Result "0-1"]
[WhiteElo "1605"]
[BlackElo "1832"]
[PlyCount "74"]
[EventDate "2013.10.26"]
[EventType "swiss"]
[EventRounds "9"]
[EventCountry "ENG"]
[SourceTitle "EXT 2015"]
[Source "ChessBase"]
[SourceDate "2014.11.20"]
[SourceVersion "1"]
[SourceVersionDate "2014.11.20"]
[SourceQuality "1"]

1. e4 c5 2. Nf3 Nc6 3. Nc3 d6 4. d3 g6 5. Be3 Bg7 6. h3 a6 7. a4 Rb8 8. Rb1 Nd4 9. Be2 e6 10. 0-0 Ne7 11. Na2 Qa5 12. b3 b5 13. Bd2 b4 14. Nc1 0-0 15. Re1 Bb7 16. Nh2 d5 17. f3 Qc7 18. Nf1 f5 19. c3 Nxe2+ 20. Nxe2 dxe4 21. dxe4 fxe4 22. f4 bxc3 23. Bxc3 Bxc3 24. Nxc3 Qxf4 25. Qe2 Nf5 26. Nxe4 Nd4 27. Qd2 Bxe4 28. Qxf4 Rxf4 29. Rb2 Bd5 30. Nd2 c4 31. Rbb1 cxb3 32. Re3 Nc2 33. Rc3 Rxa4 34. Rxc2 bxc2 35. Rxb8+ Kg7 36. Rc8 Rc4 37. Rxc4 Bxc4 0-1